Geography Quiz

Random Geography or Blitz Quiz

Geography 'R' Blitz Quiz Stats

 Plays Quiz Updated Jun 22, 2018

Challenge
Share
Tweet
Embed
Score 0/20 Timer 02:00
11 Plays Today
Category Answer % Correct
African countryRwanda
92.7%
Major riverRhine
91.2%
European countryRomania
89.7%
European capitalReykjavik
86.9%
US stateRhode Island
85.8%
Country with a star on flagRwanda
80.2%
Sea (over 160,000 sq. mi.)Red
78.3%
Olympic cityRome
76.2%
Circulating CurrenciesRand
75.1%
Asian countryRussia
63%
Category Answer % Correct
Mountain rangeRocky
60.7%
US state capitalRichmond
51.3%
Asian capitalRiyadh
37.8%
Canadian provincial capitalRegina
29%
City over 10MRio de Janeiro
26.6%
African capitalRabat
26.4%
US national parkRedwood
22.9%
North American capitalRoseau
22.7%
English countyRutland
15%
Non-Capital European City (over 600,000)Rotterdam
13.7%

You're not logged in!

Compare scores with friends on all Sporcle quizzes.
Join for Free
OR
Log In

You Might Also Like...

Show Comments

Extras

Top Quizzes Today


Score Distribution

Your Account Isn't Verified!

In order to create a playlist on Sporcle, you need to verify the email address you used during registration. Go to your Sporcle Settings to finish the process.

Report this User

Report this user for behavior that violates our Community Guidelines.

Details: